<?xml version="1.0" encoding="UTF-8"?>
<record
    xmlns:xsi="http://www.w3.org/2001/XMLSchema-instance"
    xsi:schemaLocation="http://www.loc.gov/MARC21/slim http://www.loc.gov/standards/marcxml/schema/MARC21slim.xsd"
    xmlns="http://www.loc.gov/MARC21/slim">

  <leader>00829nam a22002533a 4500</leader>
  <controlfield tag="001">22946</controlfield>
  <controlfield tag="003">SK-KTurca</controlfield>
  <controlfield tag="005">20260512150655.0</controlfield>
  <controlfield tag="008">221216s1954    xo a   g     |||  1 slo d</controlfield>
  <datafield tag="035" ind1=" " ind2=" ">
    <subfield code="a">a000716361</subfield>
  </datafield>
  <datafield tag="040" ind1=" " ind2=" ">
    <subfield code="a">UKB</subfield>
    <subfield code="b">slo</subfield>
    <subfield code="c">UKB</subfield>
    <subfield code="e">AACR2</subfield>
  </datafield>
  <datafield tag="041" ind1="1" ind2=" ">
    <subfield code="a">slo</subfield>
    <subfield code="h">rus</subfield>
  </datafield>
  <datafield tag="044" ind1=" " ind2=" ">
    <subfield code="a">xo</subfield>
    <subfield code="c">SK</subfield>
  </datafield>
  <datafield tag="100" ind1="1" ind2=" ">
    <subfield code="a">Turgenev, Ivan Sergejevi&#x10D;,</subfield>
    <subfield code="d">1818-1883</subfield>
  </datafield>
  <datafield tag="240" ind1="1" ind2=" ">
    <subfield code="a">Sobranije so&#x10D;inenij 1. Zapisky ochotnika.</subfield>
    <subfield code="l">Slovensky</subfield>
  </datafield>
  <datafield tag="245" ind1="1" ind2="0">
    <subfield code="a">Po&#x13E;ovn&#xED;kove z&#xE1;pisky</subfield>
    <subfield code="c">Ivan Sergejevi&#x10D; Turgenev ; z rus. orig. prel. Z. Jesensk&#xE1; ; ilustr. A. &#x10E;ura&#x10D;ka</subfield>
  </datafield>
  <datafield tag="260" ind1=" " ind2=" ">
    <subfield code="a">Bratislava</subfield>
    <subfield code="b">SNDK</subfield>
    <subfield code="f">(Graf. tla&#x10D;.)</subfield>
    <subfield code="c">1954</subfield>
  </datafield>
  <datafield tag="300" ind1=" " ind2=" ">
    <subfield code="a">85, [3] s.</subfield>
    <subfield code="b">il.</subfield>
  </datafield>
  <datafield tag="490" ind1="1" ind2=" ">
    <subfield code="a">Kni&#x17E;nica strednej &#x161;koly</subfield>
    <subfield code="v">Zv. 42</subfield>
  </datafield>
  <datafield tag="700" ind1="1" ind2=" ">
    <subfield code="a">Jesensk&#xE1;, Zora,</subfield>
    <subfield code="d">1909-1972</subfield>
    <subfield code="4">trl</subfield>
  </datafield>
  <datafield tag="700" ind1="1" ind2=" ">
    <subfield code="a">&#x10E;ura&#x10D;ka, A.</subfield>
    <subfield code="4">ill</subfield>
  </datafield>
  <datafield tag="830" ind1=" " ind2="0">
    <subfield code="a">Kni&#x17E;nica strednej &#x161;koly</subfield>
  </datafield>
  <datafield tag="942" ind1=" " ind2=" ">
    <subfield code="2">ddc</subfield>
    <subfield code="c">KLDE</subfield>
    <subfield code="n">0</subfield>
  </datafield>
  <datafield tag="999" ind1=" " ind2=" ">
    <subfield code="c">22946</subfield>
    <subfield code="d">22946</subfield>
  </datafield>
  <datafield tag="952" ind1=" " ind2=" ">
    <subfield code="0">0</subfield>
    <subfield code="1">0</subfield>
    <subfield code="4">0</subfield>
    <subfield code="7">0</subfield>
    <subfield code="8">D</subfield>
    <subfield code="a">OKHOS</subfield>
    <subfield code="b">OKHOS</subfield>
    <subfield code="d">2026-05-12</subfield>
    <subfield code="l">0</subfield>
    <subfield code="p">4736202312</subfield>
    <subfield code="r">2026-05-12 15:07:02</subfield>
    <subfield code="w">2026-05-12</subfield>
    <subfield code="y">KLDE</subfield>
  </datafield>
</record>
